000 00574nam a2200193Ia 4500
003 GCL
008 140319s9999 xx 000 0 ara d
040 _aGCL /
_cGCL
082 0 4 _a811.3
_bع ش
100 1 _aشوقى ضيف
245 1 0 _aشعر الاخواص الانصارى /
_cشوقى ضيف
700 1 _aعادل سليمان جمال
300 _a373 ص
490 _aالمكتبة العربية للتراث
_v0
650 0 4 _aالشعر العربى
650 0 4 _aالادب العربى
650 0 4 _aالقصائد والدواوين
942 _2ddc
_cBK
999 _c39536
_d39536